[Event "PRVA LIGA CENTRALNE SRBIJE 2018."]
[Site "Kragujevac"]
[Date "2018.09.21"]
[Round "10.6"]
[White "Colovic, Dusan"]
[Black "Radovanovic, Dusan"]
[Result "1-0"]
[WhiteElo "2296"]
[BlackElo "2321"]
[Annotator "Balkanchess"]
[PlyCount "89"]
[EventDate "2018.??.??"]
[WhiteClock "0:37:39"]
[BlackClock "0:42:20"]

1. d4 g6 2. e4 Bg7 3. Nf3 c6 4. h3 d5 5. e5 Na6 6. c3 Nc7 7. Bd3 Nh6 8. O-O O-O
9. Re1 f6 10. Nbd2 Nf7 11. exf6 Bxf6 12. Nf1 Re8 13. Bf4 Ne6 14. Bg3 Ng7 15.
N1h2 Nf5 16. Be5 Nxe5 17. Nxe5 Rf8 18. Qd2 Nd6 19. Nhg4 Bxg4 20. Nxg4 Nf7 21.
Re2 Qd7 22. Rae1 Rae8 23. f4 Bg7 24. g3 Nh6 25. Nf2 Nf5 26. Kg2 e6 27. h4 h5
28. Nh3 Bf6 29. Ng1 b6 30. Nf3 c5 31. Bxf5 gxf5 32. Re3 Kf7 33. Qe2 Rh8 34. Re5
Qd6 35. Ng5+ Bxg5 36. hxg5 Re7 37. c4 dxc4 38. d5 b5 39. Kh3 Kg7 40. Rxe6 Rxe6
41. dxe6 h4 42. Rd1 hxg3+ 43. Kxg3 Qb8 44. Rd7+ Kg6 45. e7 1-0

[Event "PRVA LIGA CENTRALNE SRBIJE 2018."]
[Site "Kragujevac"]
[Date "2018.09.21"]
[Round "10.6"]
[White "Pavlovic, Dejan S"]
[Black "Pantelic, Sasa"]
[Result "1-0"]
[WhiteElo "2396"]
[BlackElo "2294"]
[Annotator "Balkanchess"]
[PlyCount "131"]
[EventDate "2018.??.??"]
[WhiteClock "0:02:56"]
[BlackClock "0:02:53"]

1. d4 Nf6 2. Bg5 e6 3. e4 h6 4. Bxf6 Qxf6 5. c3 d5 6. Nd2 c5 7. Ngf3 cxd4 8.
Nxd4 Bc5 9. N2b3 Bxd4 10. Nxd4 O-O 11. Bd3 e5 12. Nb5 dxe4 13. Bxe4 Qb6 14. Qe2
Bd7 15. Na3 Bc6 16. Nc4 Qc7 17. O-O f5 18. Bxc6 Nxc6 19. Rad1 Rad8 20. f3 a6
21. a4 a5 22. Rfe1 Kh7 23. Kh1 Rxd1 24. Rxd1 Rd8 25. Re1 Re8 26. Qe3 Qe7 27. h3
Qe6 28. b3 Re7 29. Qc5 e4 30. fxe4 fxe4 31. Re3 Qf6 32. Qd6 Re6 33. Qd1 Ne5 34.
Rxe4 Nxc4 35. Rxc4 Qe7 36. Qd3+ g6 37. Qg3 Rc6 38. Rd4 Re6 39. Rc4 Rc6 40. Rd4
Rf6 41. Rd5 h5 42. Qd3 Qe1+ 43. Kh2 Kh6 44. Qg3 Qxg3+ 45. Kxg3 b6 46. h4 Kg7
47. Rd7+ Kf8 48. c4 Ke8 49. Rd5 Ke7 50. Kh3 Re6 51. g3 Rc6 52. Kg2 Rf6 53. Rb5
Rc6 54. Kf3 Kd7 55. Kf4 Kc7 56. Kg5 Re6 57. Kh6 Rf6 58. c5 bxc5 59. Rxc5+ Kb6
60. Rb5+ Ka6 61. Rg5 Rf3 62. Rxg6+ Kb7 63. Rg5 Ka6 64. Rb5 Rxg3 65. Kxh5 Rg1
66. Kh6 1-0

[Event "PRVA LIGA CENTRALNE SRBIJE 2018."]
[Site "Kragujevac"]
[Date "2018.09.21"]
[Round "10.6"]
[White "Jesic, Dusan"]
[Black "Radivojevic, Ivan"]
[Result "1/2-1/2"]
[WhiteElo "2322"]
[BlackElo "2360"]
[Annotator "Balkanchess"]
[PlyCount "128"]
[EventDate "2018.??.??"]
[WhiteClock "0:05:39"]
[BlackClock "0:04:20"]

1. c4 e5 2. g3 Nc6 3. Bg2 g6 4. Nc3 Bg7 5. d3 d6 6. Rb1 f5 7. e3 Nf6 8. Nge2
O-O 9. b4 a6 10. O-O Ne7 11. Bb2 c6 12. a4 a5 13. b5 c5 14. f4 Ng4 15. Qd2 exf4
16. gxf4 Rb8 17. h3 Nf6 18. e4 Nh5 19. Qe3 Qe8 20. e5 dxe5 21. Qxc5 exf4 22.
Qd6 Ra8 23. Nxf4 Nxf4 24. Qxf4 Qd8 25. Nd5 Bxb2 26. Rxb2 Nxd5 27. Bxd5+ Kg7 28.
Re1 Re8 29. Rbe2 Bd7 30. Rxe8 Bxe8 31. Qe5+ Kh6 32. Qe3+ g5 33. Qe7 Bg6 34.
Qxd8 Rxd8 35. b6 f4 36. Re7 Bxd3 37. Bxb7 Bxc4 38. Be4 g4 39. hxg4 Kg5 40. Bf3
Kh4 41. Rc7 Kg3 42. Rxc4 Kxf3 43. Rc3+ Kxg4 44. Rb3 h5 45. b7 Rb8 46. Kf2 h4
47. Rb1 f3 48. Rg1+ Kf4 49. Rg7 h3 50. Rf7+ Ke4 51. Rxf3 h2 52. Rh3 Rxb7 53.
Rxh2 Rb2+ 54. Kg1 Rb1+ 55. Kf2 Rb2+ 56. Kg1 Rxh2 57. Kxh2 Kd4 58. Kg1 Kc4 59.
Kf1 Kb4 60. Ke1 Kxa4 61. Kd1 Kb3 62. Kc1 a4 63. Kb1 a3 64. Ka1 a2 1/2-1/2

[Event "PRVA LIGA CENTRALNE SRBIJE 2018."]
[Site "Kragujevac"]
[Date "2018.09.21"]
[Round "10.6"]
[White "Marcetic, Nikola"]
[Black "Ignjatovic, Predrag"]
[Result "0-1"]
[WhiteElo "2333"]
[BlackElo "2246"]
[PlyCount "76"]
[EventDate "2018.??.??"]

1. d4 Nf6 2. Bg5 Ne4 3. h4 d5 4. Nd2 Nxd2 5. Qxd2 Bf5 6. e3 h6 7. Bf4 c6 8. c4
dxc4 9. Bxc4 e6 10. Ne2 Be7 11. h5 Nd7 12. Nc3 a6 13. e4 Bh7 14. f3 b5 15. Bb3
Qa5 16. Rd1 O-O 17. Qf2 Kh8 18. Qg3 Qb6 19. Bd6 Bxd6 20. Qxd6 Rad8 21. Ke2 Bg8
22. a3 Rfe8 23. e5 Bh7 24. Ne4 Bxe4 25. fxe4 Nf6 26. Qb4 Nxe4 27. Ke3 Ng3 28.
Rh3 Nf5+ 29. Ke4 Rxd4+ 30. Rxd4 c5 31. Qd2 Nxd4 32. Kf4 Rd8 33. Ba2 Qc7 34. Bb1
Nc6 35. Rd3 Qxe5+ 36. Kg4 Rd4+ 37. Rxd4 Nxd4 38. Qf4 f5+ 0-1